00322nam a2200133Ia 4500003000400000005001700004008004100021020000800062040002000070100001800090245003700108260003500145300000800180OSt20240329105943.0170524s9999 xx 000 0 und d anil cIIMT UNIVERSITY aVISHALA, MANY 0aGUIDANCE AND COUNSELABOUR LAWING aDELHIbSULTAN CHAND SONSc2006 a152